000 00429nam a2200157Ia 4500
003 GCL
008 140319s9999 xx 000 0 eng d
040 _aGCL /
_cGCL
082 0 4 _a005.1
_bP N
100 1 _aPRESSMAN, ROGER S.
245 1 0 _aA MANAGER'S GUIDE TO SOFTWARE ENGINEERING /
_cPRESSMAN, ROGER S.
260 _a[S.N] :
_bMC GRAW - HILL ،
_c1993
300 _a528 P
650 0 4 _aSOFTWARE ENGINEERING
942 _2ddc
_cBK
999 _c21143
_d21143